[Event "IV Weekend"]
[Site "Casaleone ITA"]
[Date "2011.05.28"]
[Round "1"]
[White "Avanzini, Angelo"]
[Black "Boscolo Gnolo, Michele"]
[Result "0-1"]
[WhiteElo "1485"]
[BlackElo "1816"]
[PlyCount "84"]
[EventDate "2011.05.28"]

1. d4 Nf6 2. Nf3 g6 3. c4 c5 4. d5 d6 5. Nc3 Bg7 6. e4 O-O 7. Bd3 Na6 8. a3 Bd7
9. O-O Nc7 10. Bf4 a6 11. Qd2 b5 12. Bh6 bxc4 13. Bxg7 Kxg7 14. Bxc4 Rb8 15.
Rfe1 Nb5 16. h4 Qa5 17. Nxb5 Qxd2 18. Nxd2 Bxb5 19. Rab1 Nd7 20. b4 Rfc8 21. f4
Bxc4 22. Nxc4 cxb4 23. Rxb4 Rxb4 24. Nxd6 exd6 25. axb4 Rc4 26. e5 dxe5 27.
fxe5 Rxb4 28. e6 fxe6 29. Rxe6 Kf7 30. Rxa6 Rxh4 31. Kf2 Re4 32. Kf3 Re5 33.
Rd6 Ke7 34. Re6+ Rxe6 35. dxe6 Kxe6 36. Kf4 Kf6 37. g3 h6 38. Ke4 g5 39. g4 Ke6
40. Kf3 Ke5 41. Ke3 Nf6 42. Kf3 Kd4 0-1

[Event "IV Weekend"]
[Site "Casaleone ITA"]
[Date "2011.05.28"]
[Round "1"]
[White "Benaddi, Redouane"]
[Black "Furnari, Franco"]
[Result "1/2-1/2"]
[WhiteElo "1704"]
[BlackElo "1929"]
[PlyCount "115"]
[EventDate "2011.05.28"]

1. e4 e5 2. Nf3 Nc6 3. Bb5 a6 4. Ba4 d6 5. c3 Nf6 6. d3 Be7 7. h3 Bd7 8. Nbd2
O-O 9. Nf1 h6 10. g4 b5 11. Bc2 Nh7 12. Ng3 Ng5 13. Nf5 Bxf5 14. gxf5 d5 15. h4
Nxf3+ 16. Qxf3 d4 17. Qh5 Kh7 18. Bb3 dxc3 19. Bxf7 cxb2 20. Bg6+ Kg8 21. Bxb2
Qxd3 22. Qe2 Bb4+ 23. Kf1 Rad8 24. Qxd3 Rxd3 25. Rc1 Rd6 26. Rh3 Rfd8 27. Kg1
Bd2 28. Rc2 Bf4 29. Rc5 Na5 30. Bxe5 Bxe5 31. Rxe5 Nc4 32. Re7 R6d7 33. Bf7+
Kf8 34. Rxd7 Rxd7 35. Bxc4 bxc4 36. Rc3 Rd4 37. f3 Ke7 38. Kf2 c5 39. Ra3 Rd6
40. e5 Rd5 41. f4 Kf7 42. h5 Ke7 43. Rxa6 Rd3 44. Ke2 Rd4 45. Ra7+ Ke8 46. Rc7
Rxf4 47. Rxc5 Rxf5 48. a4 Rxh5 49. a5 Rh1 50. Rxc4 Ra1 51. Rc5 Ra3 52. Kf2 Kf7
53. Rb5 Ke6 54. Kg2 h5 55. Rb6+ Kxe5 56. Rg6 Kf5 57. Rxg7 Rxa5 58. Kh3 1/2-1/2

[Event "IV Weekend"]
[Site "Casaleone ITA"]
[Date "2011.05.28"]
[Round "1"]
[White "Bertani, Gianfranco"]
[Black "Adami, Antonio"]
[Result "1-0"]
[WhiteElo "2063"]
[BlackElo "1710"]
[PlyCount "119"]
[EventDate "2011.05.28"]

1. Nf3 f5 2. d4 Nf6 3. Nc3 g6 4. Bg5 Bg7 5. h4 d6 6. e3 Be6 7. Bd3 Nbd7 8. Qe2
c6 9. h5 Nxh5 10. e4 h6 11. exf5 hxg5 12. fxe6 Nf8 13. g3 Nxg3 14. Bxg6+ Nxg6
15. Rxh8+ Bxh8 16. fxg3 Qb6 17. O-O-O O-O-O 18. Qe4 Rg8 19. Nxg5 d5 20. Qd3 Nf8
21. Nf7 Bf6 22. Qe3 a6 23. Ne2 c5 24. c3 Nxe6 25. dxc5 Nxc5 26. Qf3 Qe6 27.
Qxd5 Qxd5 28. Rxd5 Ne4 29. Kc2 Nxg3 30. Nf4 Rf8 31. Ne6 Re8 32. Kd3 Kb8 33.
Nfd8 Rh8 34. Rd7 Rxd8 35. Rxd8+ Ka7 36. Rd5 Nf1 37. a4 Nh2 38. a5 Ng4 39. Ke4
Nh6 40. Nc5 Nf7 41. Rd7 Nd6+ 42. Kd5 Kb8 43. Rd8+ Ka7 44. Ke6 Nc4 45. Rd7 Nxa5
46. b4 Kb6 47. bxa5+ Kxc5 48. Rc7+ Kb5 49. c4+ Kxa5 50. Rxb7 Ka4 51. c5 Bh4 52.
c6 Bg3 53. Kd5 e6+ 54. Kxe6 a5 55. Kd5 Ka3 56. Kc4 a4 57. c7 Bxc7 58. Rxc7 Ka2
59. Kc3 Kb1 60. Ra7 1-0

[Event "IV Weekend"]
[Site "Casaleone ITA"]
[Date "2011.05.28"]
[Round "1"]
[White "Bonini, Roberto"]
[Black "Zonta, Riccardo"]
[Result "1/2-1/2"]
[WhiteElo "1874"]
[BlackElo "1633"]
[PlyCount "118"]
[EventDate "2011.05.28"]

1. e4 d6 2. d4 Nf6 3. Nc3 Nbd7 4. f4 e5 5. Nf3 exd4 6. Qxd4 Be7 7. e5 dxe5 8.
fxe5 Bc5 9. Qf4 Nh5 10. Qg5 Qxg5 11. Bxg5 g6 12. Nd5 O-O 13. Nxc7 Rb8 14. O-O-O
Nb6 15. Bh6 Ng7 16. Bb5 a6 17. Be2 Bf5 18. Nd5 Rfc8 19. Nf6+ Kh8 20. Bd3 Bxd3
21. Rxd3 Nf5 22. Bf4 Rc6 23. Ng5 Kg7 24. Ngxh7 Rbc8 25. c3 Nc4 26. Re1 Be7 27.
Rd7 b5 28. g4 Bxf6 29. exf6+ Kxh7 30. gxf5 Rxf6 31. fxg6+ Kxg6 32. Bg3 Rcc6 33.
Bh4 Rf3 34. Rd5 f5 35. a3 Ne3 36. Rd3 f4 37. Rg1+ Kh5 38. Rd8 Rh6 39. Be7 Rf1+
40. Rxf1 Nxf1 41. Rd1 Nxh2 42. Rh1 Kg4 43. Bf8 Rh5 44. Kd1 Kf3 45. Ke1 Kg2 46.
Rxh2+ Kxh2 47. Kf2 Rf5 48. Bd6 Kh3 49. Kf3 Kh4 50. Bxf4 Rf7 51. Ke4 Kg4 52. Bd6
Rf2 53. a4 Rxb2 54. axb5 axb5 55. Bb4 Rh2 56. Kd5 Rh5+ 57. Kc6 Kf3 58. Bc5 Ke4
59. Kxb5 Kd3 1/2-1/2

[Event "IV Weekend"]
[Site "Casaleone ITA"]
[Date "2011.05.28"]
[Round "1"]
[White "Caldonazzo, Matteo"]
[Black "Bellini, Luca"]
[Result "1-0"]
[WhiteElo "1976"]
[BlackElo "1705"]
[PlyCount "85"]
[EventDate "2011.05.28"]

1. Nf3 d6 2. d4 Bg4 3. e4 g6 4. Bc4 Nh6 5. h3 Bd7 6. Be3 Bg7 7. Qd2 Ng8 8. Nc3
c6 9. a4 Qa5 10. O-O f5 11. Ng5 fxe4 12. Nf7 Nf6 13. Nd5 Qxd2 14. Nc7+ Kf8 15.
Bxd2 d5 16. Nxh8 dxc4 17. Nxg6+ hxg6 18. Nxa8 Nd5 19. c3 Bc8 20. a5 Na6 21.
Rfe1 Nf6 22. Ra4 Be6 23. f3 Bd5 24. fxe4 Nxe4 25. Bf4 c5 26. Nc7 Nxc7 27. Bxc7
cxd4 28. Rxe4 Bxe4 29. Rxc4 e5 30. Bd6+ Kf7 31. Rc7+ Ke6 32. Bc5 Bh6 33. cxd4
Be3+ 34. Kf1 exd4 35. Bxa7 Bf4 36. Rc8 d3 37. Rc4 Kf5 38. g4+ Ke5 39. Bb8+ Kd5
40. Rxe4 Bxb8 41. Re7 Kc4 42. Rxb7 Be5 43. a6 1-0

[Event "IV Weekend"]
[Site "Casaleone ITA"]
[Date "2011.05.28"]
[Round "1"]
[White "Cavalleri, Giuseppe"]
[Black "Jirillo, Antonio"]
[Result "1-0"]
[WhiteElo "1819"]
[BlackElo "1541"]
[PlyCount "124"]
[EventDate "2011.05.28"]

1. d4 d5 2. c4 Bf5 3. Nc3 c6 4. cxd5 cxd5 5. Nf3 Nf6 6. e3 e6 7. Bb5+ Nbd7 8.
O-O a6 9. Bd3 g6 10. h3 Bxd3 11. Qxd3 Bg7 12. Bd2 O-O 13. Rac1 b5 14. a3 Re8
15. Rfd1 Qb6 16. e4 dxe4 17. Nxe4 Nd5 18. Nc5 Nxc5 19. dxc5 Qc6 20. Rc2 Red8
21. Qe2 Rd7 22. Rdc1 Rad8 23. Ba5 Rc8 24. Ne5 Bxe5 25. Qxe5 f6 26. Qg3 Kf7 27.
Qh4 Kg7 28. Bd2 g5 29. Qh5 Rcd8 30. h4 Nf4 31. Bxf4 gxf4 32. Qg4+ Kf7 33. Qxf4
Rd1+ 34. Rxd1 Rxd1+ 35. Kh2 Rd5 36. Qe3 Qc7+ 37. g3 Rh5 38. Kg1 Re5 39. Qd3
Re1+ 40. Kh2 f5 41. Qd6 Qxd6 42. cxd6 Rd1 43. Rc6 e5 44. Rxa6 Ke6 45. Rb6 Rd5
46. Kg2 h5 47. b3 e4 48. a4 bxa4 49. bxa4 Ra5 50. d7+ Kxd7 51. Rb5 Rxb5 52.
axb5 Kc7 53. Kf1 Kb6 54. Ke2 Kxb5 55. Ke3 Kc5 56. Kf4 Kd4 57. Kxf5 e3 58. fxe3+
Kxe3 59. Kg5 Kf3 60. Kxh5 Kxg3 61. Kg5 Kf3 62. h5 Ke4 1-0

[Event "IV Weekend"]
[Site "Casaleone ITA"]
[Date "2011.05.28"]
[Round "1"]
[White "Guerra, Alessandro"]
[Black "Pisani, Valerio"]
[Result "1-0"]
[WhiteElo "2225"]
[BlackElo "1720"]
[PlyCount "87"]
[EventDate "2011.05.28"]

1. e4 e6 2. d4 d5 3. Nc3 Nf6 4. exd5 exd5 5. Bd3 Bd6 6. Nge2 Bg4 7. f3 Bh5 8.
Bg5 c6 9. Qd2 Nbd7 10. O-O-O Qc7 11. Qe3+ Kd8 12. Kb1 b5 13. Ng3 Bg6 14. Nf5
Re8 15. Qd2 Bxf5 16. Bxf5 Kc8 17. Bxf6 gxf6 18. g3 Kb7 19. Bxh7 Nb6 20. Bd3 a5
21. Ne2 b4 22. Rhe1 a4 23. Nc1 Nc4 24. Bxc4 dxc4 25. Rxe8 Rxe8 26. Re1 c3 27.
Qd1 Rxe1 28. Qxe1 cxb2 29. Kxb2 Qb6 30. Qe4 Qb5 31. f4 Kb6 32. h4 Qc4 33. h5
Qc3+ 34. Kb1 a3 35. Nd3 Qd2 36. Qe1 Qh2 37. g4 Kb5 38. Qf1 Kb6 39. f5 Qd2 40.
Qe1 Qxe1+ 41. Nxe1 Bf4 42. Nf3 Bd6 43. h6 Kb5 44. h7 1-0

[Event "IV Weekend"]
[Site "Casaleone ITA"]
[Date "2011.05.28"]
[Round "1"]
[White "Magnabosco, Mauro Denis"]
[Black "Fiscato, Claudio"]
[Result "1/2-1/2"]
[WhiteElo "1554"]
[BlackElo "1831"]
[PlyCount "96"]
[EventDate "2011.05.28"]

1. e4 d6 2. Nf3 Nf6 3. Nc3 c6 4. Be2 g6 5. d4 Bg7 6. O-O O-O 7. Re1 Nbd7 8. h3
e5 9. Be3 Qe7 10. dxe5 dxe5 11. Qc1 Nc5 12. Nd2 Rd8 13. Bf3 Ne6 14. Ne2 Qc7 15.
Nb3 b6 16. a4 a5 17. Ng3 Bb7 18. c3 c5 19. Qc2 Rd7 20. Rad1 Rad8 21. Rxd7 Rxd7
22. Rd1 Bc6 23. Rxd7 Qxd7 24. Nd2 Bxa4 25. b3 Bb5 26. Nb1 h5 27. h4 Kh7 28. Na3
Ba6 29. Be2 Bxe2 30. Qxe2 Bf8 31. f3 Bh6 32. Kf2 Bxe3+ 33. Qxe3 Nf4 34. Nc4 Qc7
35. Ne2 b5 36. Nb2 Nxe2 37. Kxe2 Qc6 38. Nd3 Nd7 39. Qc1 c4 40. bxc4 Qxc4 41.
Kd2 Nc5 42. Qb1 f6 43. Nxc5 Qxc5 44. Qb3 Qd6+ 45. Kc2 Qd7 46. Kc1 Kg7 47. Kc2
Qc6 48. Kb2 Kf8 1/2-1/2

[Event "IV Weekend"]
[Site "Casaleone ITA"]
[Date "2011.05.28"]
[Round "1"]
[White "Menini, Luca"]
[Black "Faccia, Sergio"]
[Result "0-1"]
[WhiteElo "1710"]
[BlackElo "2045"]
[PlyCount "38"]
[EventDate "2011.05.28"]

1. e4 e5 2. Nf3 Nc6 3. d4 exd4 4. Nxd4 Bc5 5. Nxc6 bxc6 6. Nc3 Qh4 7. Qd2 Nf6
8. Qf4 Ng4 9. Nd1 d5 10. g3 Qe7 11. Bd3 f5 12. f3 O-O 13. fxg4 fxe4 14. Qg5
exd3+ 15. Qxe7 Bxe7 16. cxd3 Bxg4 17. Ne3 Bf3 18. Rf1 Rad8 19. h4 Bc5 0-1

[Event "IV Weekend"]
[Site "Casaleone ITA"]
[Date "2011.05.28"]
[Round "1"]
[White "Molinaroli, Giacomo"]
[Black "Leone, Cataldo"]
[Result "1/2-1/2"]
[WhiteElo "1852"]
[BlackElo "1602"]
[PlyCount "102"]
[EventDate "2011.05.28"]

1. e4 e5 2. Nf3 d6 3. d4 exd4 4. Nxd4 Nf6 5. Nc3 Be7 6. Bc4 O-O 7. h3 c5 8. Nf3
Nc6 9. Bf4 a6 10. a4 Re8 11. O-O Bf8 12. Re1 Be6 13. Nd5 Bd7 14. Bg5 Be7 15.
Bf4 Bf8 16. Nc3 Be6 17. Nd5 Bd7 18. Nxf6+ Qxf6 19. Qd2 h6 20. Rad1 Be6 21. Bxe6
Rxe6 22. c3 Rae8 23. e5 dxe5 24. Bg3 e4 25. Nh2 Rd8 26. Qc2 Qe7 27. Ng4 f5 28.
Ne3 g6 29. Qb3 Kh7 30. Nd5 Qf7 31. Nf4 Re7 32. Nd5 Red7 33. c4 Bg7 34. Qb6 Bd4
35. b3 g5 36. Bc7 Rc8 37. Bh2 Ne7 38. Nf6+ Bxf6 39. Rxd7 Qg6 40. Qxb7 Re8 41.
Red1 g4 42. hxg4 Qxg4 43. R1d6 Bg5 44. Re6 Qe2 45. Rexe7+ Bxe7 46. Rxe7+ Rxe7
47. Qxe7+ Kg6 48. Be5 Qd1+ 49. Kh2 Qh5+ 50. Kg3 Qg4+ 51. Kh2 Qh5+ 1/2-1/2

[Event "IV Weekend"]
[Site "Casaleone ITA"]
[Date "2011.05.28"]
[Round "1"]
[White "Mulone, Gaspare"]
[Black "Jimchi, Abdelaziz"]
[Result "0-1"]
[WhiteElo "1666"]
[BlackElo "1877"]
[PlyCount "84"]
[EventDate "2011.05.28"]

1. e4 g6 2. d4 Bg7 3. c3 d6 4. Bd3 Nd7 5. Nf3 a6 6. O-O b6 7. Be3 Bb7 8. Nbd2
e6 9. Re1 Ne7 10. Qc2 h6 11. Rad1 Nf6 12. h3 O-O 13. Nf1 g5 14. N1h2 Qe8 15. e5
Nfd5 16. Bxg5 hxg5 17. Nxg5 Nf4 18. Bb5 Neg6 19. Bxe8 Rfxe8 20. Ngf3 Kh8 21.
Ng4 Nxg2 22. Kxg2 Nh4+ 23. Kg3 Nxf3 24. Re3 Ng5 25. f4 Nh7 26. exd6 cxd6 27.
Qb3 Rg8 28. Rg1 Bh6 29. Qxb6 Bd5 30. Qxd6 f5 31. b3 fxg4 32. hxg4 Rxg4+ 33.
Kxg4 Rg8+ 34. Kh3 Rxg1 35. c4 Rh1+ 36. Kg3 Rg1+ 37. Kf2 Rg2+ 38. Kf1 Ba8 39.
Qb8+ Rg8 40. Qe5+ Bg7 41. Qxe6 Bxd4 42. Rd3 Bb2 0-1

[Event "IV Weekend"]
[Site "Casaleone ITA"]
[Date "2011.05.28"]
[Round "1"]
[White "Negro, Raffaele"]
[Black "Adami, Alessandro"]
[Result "1/2-1/2"]
[WhiteElo "1903"]
[BlackElo "1688"]
[PlyCount "141"]
[EventDate "2011.05.28"]

1. d4 f5 2. Bg5 Nf6 3. Bxf6 exf6 4. e3 g6 5. c4 c6 6. Nc3 Qb6 7. Qc2 Bb4 8.
Nge2 Na6 9. a3 Qa5 10. Ra2 Bxc3+ 11. Nxc3 O-O 12. Bd3 Qd8 13. O-O Nc7 14. f4 d6
15. b4 Be6 16. Rb2 d5 17. c5 Qe7 18. Re1 Bd7 19. a4 Ne6 20. Qb1 Rfe8 21. Kf2
Ng7 22. b5 Kf8 23. bxc6 bxc6 24. Rb7 Qd8 25. Re2 Bc8 26. Rb4 Qc7 27. Reb2 Ne6
28. g3 Kg8 29. Qa2 Kf8 30. a5 Kg8 31. a6 Re7 32. Ne2 Kf8 33. Nc1 Kg8 34. Nb3
Kf8 35. Na5 Nd8 36. Qa4 Kg8 37. Nb7 Bxb7 38. axb7 Rb8 39. Ba6 Kf8 40. Kf3 Kg8
41. Bd3 Kf8 42. Qxa7 Rxb7 43. Rxb7 Nxb7 44. Ba6 Nd8 45. Qa8 Re8 46. Rb8 Qe7 47.
Kg2 Qe4+ 48. Kh3 Qe7 49. Bb7 Nxb7 50. Rxe8+ Qxe8 51. Qxb7 h5 52. Qh7 Qf7 53.
Qh8+ Ke7 54. Qc8 Qe6 55. Qc7+ Qd7 56. Qxd7+ Kxd7 57. Kh4 Ke6 58. h3 Kf7 59. g4
hxg4 60. hxg4 fxg4 61. Kxg4 Ke6 62. f5+ gxf5+ 63. Kf4 Ke7 64. Kxf5 Kf7 65. e4
dxe4 66. Kxe4 Ke6 67. d5+ cxd5+ 68. Kd4 f5 69. c6 Kd6 70. c7 Kxc7 71. Kxd5
1/2-1/2

[Event "IV Weekend"]
[Site "Casaleone ITA"]
[Date "2011.05.28"]
[Round "1"]
[White "Orlandi, Paolo"]
[Black "Steccanella, Willi"]
[Result "0-1"]
[WhiteElo "1606"]
[BlackElo "1869"]
[PlyCount "76"]
[EventDate "2011.05.28"]

1. e4 Nf6 2. e5 Nd5 3. d4 d6 4. Nf3 dxe5 5. Nxe5 g6 6. c4 Nf6 7. b3 Bg7 8. Bb2
c5 9. Na3 Qa5+ 10. Qd2 Qxd2+ 11. Kxd2 Nc6 12. Re1 Nxd4 13. Bxd4 cxd4 14. Bd3
O-O 15. Nc2 Rd8 16. h3 Nd7 17. f4 f6 18. Nf3 Nc5 19. Rxe7 Nxd3 20. Kxd3 Bf5+
21. Kd2 Bxc2 22. Kxc2 b5 23. Kd3 a6 24. Rhe1 Kf8 25. R1e4 Rd6 26. Rb7 bxc4+ 27.
bxc4 h5 28. Ree7 Bh8 29. Nh4 f5 30. Nf3 Bf6 31. Rf7+ Kg8 32. Ne5 Re8 33. c5 Rc6
34. Rxf6 Rxf6 35. c6 Rxe5 36. Rb8+ Kf7 37. c7 Rc5 38. Rh8 Rfc6 0-1

[Event "IV Weekend"]
[Site "Casaleone ITA"]
[Date "2011.05.28"]
[Round "1"]
[White "Pieropan, Giorgio"]
[Black "Xia, Jie"]
[Result "0-1"]
[WhiteElo "1712"]
[BlackElo "2224"]
[PlyCount "94"]
[EventDate "2011.05.28"]

1. Nf3 Nf6 2. g3 g6 3. Bg2 Bg7 4. O-O O-O 5. c3 d6 6. d3 c5 7. Nbd2 Nc6 8. Qc2
Rb8 9. a4 e5 10. Rb1 h6 11. e4 Be6 12. Re1 Ne8 13. Nf1 a6 14. Ne3 Nc7 15. Bd2
b5 16. Ra1 Qd7 17. axb5 axb5 18. c4 f5 19. exf5 gxf5 20. Nf1 bxc4 21. Qc1 Kh7
22. Rb1 cxd3 23. Bc3 e4 24. Bxg7 Qxg7 25. Nh4 Nd4 26. Qd2 Rb4 27. Ne3 d5 28.
Kh1 Rfb8 29. Nd1 Qg5 30. Qc3 R8b5 31. b3 Qg7 32. Qd2 Nc2 33. Rf1 Qg5 34. f4
exf3 35. Nxf3 Qxd2 36. Nxd2 d4 37. Bh3 Kg6 38. g4 fxg4 39. Bg2 Bd5 40. Rf8 Ne3
41. Be4+ Bxe4+ 42. Nxe4 Rxb3 43. Rxb3 Rxb3 44. Nxe3 dxe3 45. Rf6+ Kg7 46. Rf1
c4 47. Nc5 Rb2 0-1

[Event "IV Weekend"]
[Site "Casaleone ITA"]
[Date "2011.05.28"]
[Round "1"]
[White "Turazza, Silvia"]
[Black "Molina, Fabrizio"]
[Result "0-1"]
[WhiteElo "1731"]
[BlackElo "2236"]
[PlyCount "54"]
[EventDate "2011.05.28"]

1. d4 d6 2. Nf3 Bg4 3. e3 e6 4. c4 Nd7 5. Nc3 c6 6. Bd3 g6 7. b3 Bg7 8. Bb2 Ne7
9. h3 Bxf3 10. Qxf3 d5 11. O-O-O O-O 12. g4 Qa5 13. h4 e5 14. Be2 h6 15. Qh3
Rad8 16. f4 exd4 17. exd4 c5 18. Na4 dxc4 19. Bxc4 b5 20. Bc3 Qc7 21. Bxb5 cxd4
22. g5 Nf5 23. gxh6 Bxh6 24. Qd3 dxc3 25. Bxd7 Bxf4+ 26. Kc2 Ne3+ 27. Kb1 c2+
0-1

[Event "IV Weekend"]
[Site "Casaleone ITA"]
[Date "2011.05.29"]
[Round "2"]
[White "Adami, Alessandro"]
[Black "Bonini, Roberto"]
[Result "0-1"]
[WhiteElo "1688"]
[BlackElo "1874"]
[PlyCount "97"]
[EventDate "2011.05.28"]

1. e4 c5 2. Nc3 d6 3. g3 Nc6 4. Bg2 g6 5. d3 Bg7 6. Be3 e6 7. Nge2 Nge7 8. Qd2
Nd4 9. Nc1 O-O 10. O-O Nec6 11. Nd1 e5 12. c3 Ne6 13. Bh6 Bxh6 14. Qxh6 Qg5 15.
Qxg5 Nxg5 16. Ne3 Bh3 17. Bxh3 Nxh3+ 18. Kg2 Ng5 19. f4 exf4 20. gxf4 Ne6 21.
f5 Nc7 22. Rf3 Rad8 23. fxg6 fxg6 24. Rxf8+ Kxf8 25. Ne2 d5 26. exd5 Nxd5 27.
Nxd5 Rxd5 28. Rd1 Ke7 29. Re1 Kd6 30. Nf4 Rf5 31. Rf1 Ke5 32. Ne2 b6 33. Rxf5+
Kxf5 34. h3 Ne5 35. d4 Nd3 36. b3 Ke4 37. dxc5 Nxc5 38. c4 a5 39. Kf2 a4 40.
Nc1 Kd4 41. Ke2 axb3 42. axb3 Kc3 43. b4 Kxb4 44. Nd3+ Kxc4 45. Ne5+ Kc3 46.
Kf3 b5 47. Nc6 Ne6 48. Kg4 h5+ 49. Kf3 0-1

[Event "IV Weekend"]
[Site "Casaleone ITA"]
[Date "2011.05.29"]
[Round "2"]
[White "Adami, Antonio"]
[Black "Orlandi, Paolo"]
[Result "1-0"]
[WhiteElo "1710"]
[BlackElo "1606"]
[PlyCount "81"]
[EventDate "2011.05.28"]

1. d4 Nf6 2. f3 d6 3. e4 g6 4. Nc3 Bg7 5. Be3 c6 6. Qd2 b5 7. Bh6 O-O 8. h4
Nbd7 9. Bxg7 Kxg7 10. h5 e5 11. hxg6 fxg6 12. Qh6+ Kg8 13. dxe5 Nxe5 14. O-O-O
Nf7 15. Qh4 Be6 16. Nh3 Nh5 17. Qf2 Qa5 18. g4 Nf6 19. Nf4 Bxa2 20. g5 Nxg5 21.
Qg3 b4 22. Nxa2 Nfxe4 23. fxe4 Nxe4 24. Bc4+ d5 25. Qh2 Rf7 26. Nxd5 Qc5 27.
Bb3 Kf8 28. Qh6+ Rg7 29. Qf4+ Rf7 30. Qxe4 cxd5 31. Qxb4 Qxb4 32. Nxb4 Kg7 33.
Bxd5 Rb8 34. Bxf7 Rxb4 35. Rd7 a5 36. Ra7 a4 37. Bb3+ Kf6 38. Rxa4 Rb7 39. Ra6+
Kg5 40. Bd5 Re7 41. c4 1-0

[Event "IV Weekend"]
[Site "Casaleone ITA"]
[Date "2011.05.29"]
[Round "2"]
[White "Bellini, Luca"]
[Black "Avanzini, Angelo"]
[Result "1/2-1/2"]
[WhiteElo "1705"]
[BlackElo "1485"]
[PlyCount "75"]
[EventDate "2011.05.28"]

1. d4 Nf6 2. Nf3 e6 3. e3 b6 4. Bd3 Bb7 5. Nbd2 Bb4 6. O-O d5 7. Ne5 O-O 8. f4
Nbd7 9. c3 Bd6 10. b3 c5 11. Bb2 Qe7 12. Qe2 Ne4 13. Nxe4 dxe4 14. Bc2 Nf6 15.
Rad1 cxd4 16. exd4 Ba3 17. Ba1 a5 18. c4 Rfc8 19. f5 exf5 20. Rxf5 Bd6 21. Rdf1
Rc7 22. d5 Bc8 23. Nc6 Rxc6 24. dxc6 Bxf5 25. Rxf5 Bc5+ 26. Kh1 Qe6 27. Rf4
Qxc6 28. Bxf6 gxf6 29. Rxe4 f5 30. Re5 Kh8 31. Bxf5 Rg8 32. Be4 Qh6 33. Qf1 Bd6
34. Rh5 Qxh5 35. Qf6+ Rg7 36. Qxd6 Qe2 37. Qd8+ Rg8 38. Qf6+ 1/2-1/2

[Event "IV Weekend"]
[Site "Casaleone ITA"]
[Date "2011.05.29"]
[Round "2"]
[White "Benedetti, Maurizio"]
[Black "Negro, Raffaele"]
[Result "0-1"]
[WhiteElo "1752"]
[BlackElo "1903"]
[PlyCount "82"]
[EventDate "2011.05.28"]

1. e4 g6 2. d4 Bg7 3. Nc3 d6 4. Be3 a6 5. Nf3 Nd7 6. Bc4 e6 7. O-O Ne7 8. Qd2
h6 9. a4 b6 10. Rfd1 Bb7 11. b4 Nf6 12. Qd3 d5 13. exd5 Nexd5 14. Nxd5 Nxd5 15.
Bd2 O-O 16. Qe4 Rb8 17. Qd3 Qd6 18. Rab1 Ra8 19. Ne5 Nf6 20. Qh3 Kh7 21. Rb3
Be4 22. Qc3 Nd5 23. Qb2 f6 24. f3 Bf5 25. Nd3 e5 26. dxe5 fxe5 27. Nf2 Be6 28.
Ne4 Qc6 29. b5 axb5 30. Bxb5 Qb7 31. Bf1 Rxa4 32. Nc5 Qc6 33. Nxa4 Qxa4 34. Qa3
Qd4+ 35. Kh1 Nf4 36. Rb4 Qd6 37. Ra4 Qc6 38. c4 e4 39. fxe4 Qxe4 40. Re1 Nh3
41. Qxh3 Qxe1 0-1

[Event "IV Weekend"]
[Site "Casaleone ITA"]
[Date "2011.05.29"]
[Round "2"]
[White "Boscolo Gnolo, Michele"]
[Black "Caldonazzo, Matteo"]
[Result "0-1"]
[WhiteElo "1816"]
[BlackElo "1976"]
[PlyCount "80"]
[EventDate "2011.05.28"]

1. d4 Nf6 2. c4 e6 3. Nc3 Bb4 4. Qc2 d5 5. e3 O-O 6. Nf3 c5 7. a3 Bxc3+ 8. bxc3
Nc6 9. Bd3 dxc4 10. Bxc4 Qc7 11. O-O e5 12. d5 Na5 13. Bd3 Bg4 14. c4 b5 15.
Nd2 bxc4 16. Bxc4 Nxc4 17. Qxc4 Rfd8 18. e4 Ne8 19. f3 Nd6 20. Qc2 Bd7 21. Bb2
f6 22. Rfc1 Rdc8 23. a4 c4 24. Qc3 Qb6+ 25. Kf1 Rc7 26. Ke2 Rac8 27. Rcb1 Nb7
28. Nf1 Nc5 29. Bc1 Nxa4 30. Qb4 Qd4 31. Ra3 c3 32. Qxd4 exd4 33. Kd3 Rc4 34.
Ng3 a6 35. Ne2 Bb5 36. Rxb5 axb5 37. Nxd4 Nc5+ 38. Kc2 Rxd4 39. Kxc3 Rc4+ 40.
Kb2 Na4+ 0-1

[Event "IV Weekend"]
[Site "Casaleone ITA"]
[Date "2011.05.29"]
[Round "2"]
[White "Faccia, Sergio"]
[Black "Morandini, Alessandro"]
[Result "1-0"]
[WhiteElo "2045"]
[BlackElo "1308"]
[PlyCount "45"]
[EventDate "2011.05.28"]

1. e4 d6 2. d4 Nf6 3. Nc3 g6 4. f4 Bg7 5. Nf3 c5 6. Bb5+ Bd7 7. e5 Nd5 8. Bxd7+
Nxd7 9. Nxd5 cxd4 10. Qxd4 e6 11. Nc3 Qc7 12. O-O dxe5 13. fxe5 Qc5 14. Qxc5
Nxc5 15. Be3 Nd7 16. Bd4 O-O 17. Ne4 f5 18. exf6 Nxf6 19. Nxf6+ Bxf6 20. Bxf6
Rxf6 21. Ng5 Kg7 22. Rxf6 Kxf6 23. Nxh7+ 1-0

[Event "IV Weekend"]
[Site "Casaleone ITA"]
[Date "2011.05.29"]
[Round "2"]
[White "Fiscato, Claudio"]
[Black "Benaddi, Redouane"]
[Result "1-0"]
[WhiteElo "1831"]
[BlackElo "1704"]
[PlyCount "77"]
[EventDate "2011.05.28"]

1. e4 d6 2. d4 g6 3. c3 Bg7 4. h3 a6 5. Nf3 Nc6 6. Bd3 e5 7. d5 Nce7 8. O-O f5
9. exf5 gxf5 10. Bc2 Nf6 11. Bb3 Rg8 12. Re1 e4 13. Ng5 h6 14. Ne6 Bxe6 15.
dxe6 d5 16. Be3 Qd6 17. Na3 f4 18. Bd4 Qxe6 19. c4 Bf8 20. Kh2 c6 21. cxd5 cxd5
22. Bxf6 Qxf6 23. Bxd5 Rg5 24. Bxe4 Rd8 25. Qb3 Rd2 26. Rac1 Re5 27. Nc4 Rb5
28. Qf3 Kf7 29. Nxd2 Rxb2 30. Bd5+ Kg7 31. Qg4+ Ng6 32. Rc7+ Kh8 33. Ne4 Qb6
34. Qd7 Ne7 35. Rxb7 Qd4 36. Rxb2 Qxb2 37. Qg4 Nxd5 38. Qf5 Qb4 39. Rd1 1-0

[Event "IV Weekend"]
[Site "Casaleone ITA"]
[Date "2011.05.29"]
[Round "2"]
[White "Furnari, Franco"]
[Black "Magnabosco, Mauro Denis"]
[Result "1-0"]
[WhiteElo "1929"]
[BlackElo "1554"]
[PlyCount "157"]
[EventDate "2011.05.28"]

1. e4 c5 2. Nf3 Nc6 3. d4 cxd4 4. Nxd4 Nf6 5. Nc3 g6 6. Bc4 Bg7 7. Be3 d6 8. f3
Na5 9. Bb3 Nxb3 10. Nxb3 Be6 11. Qd2 Nd7 12. O-O O-O 13. Rab1 Nb6 14. Bd4 Nc4
15. Qf2 Ne5 16. h3 b6 17. f4 Nc6 18. Bxg7 Kxg7 19. f5 Bc4 20. Rfe1 Ne5 21. Nd2
Ba6 22. Nd5 Rc8 23. Nb3 Bc4 24. Ne3 Ba6 25. Ng4 Nxg4 26. hxg4 g5 27. Qd2 h6 28.
Qd4+ f6 29. Qa4 Bc4 30. Nd4 Bf7 31. Qxa7 Ra8 32. Qb7 Rb8 33. Qc6 Rc8 34. Qb7
Rb8 35. Qa6 Ra8 36. Qb5 Qc7 37. c3 Rxa2 38. Ra1 Rfa8 39. Rxa2 Rxa2 40. Qc6 Qa7
41. Qb5 Ra5 42. Qe2 Rc5 43. b4 Rc8 44. Qb2 Bc4 45. Ra1 Qb7 46. Qc2 Bf7 47. b5
Rc5 48. Qe2 Rxc3 49. Nc6 Rc5 50. Ra7 Qc8 51. Rxe7 Kf8 52. Ra7 Bc4 53. Qd2 Rxc6
54. bxc6 Qxc6 55. Qd4 Bf7 56. Kh2 Qc1 57. Qxd6+ Kg7 58. Qc7 Qxc7+ 59. Rxc7 b5
60. Rb7 Kg8 61. Rxb5 Bc4 62. Rb4 Be2 63. Kg3 Bd3 64. Kf3 Bc2 65. Ke2 Kg7 66.
Kd2 Bxe4 67. Rxe4 h5 68. gxh5 Kh6 69. g4 Kg7 70. Re6 Kf7 71. h6 Kg8 72. Rxf6
Kh7 73. Rg6 Kh8 74. Rxg5 Kh7 75. Rg6 Kh8 76. g5 Kh7 77. Ra6 Kh8 78. g6 Kg8 79.
Ra8# 1-0

[Event "IV Weekend"]
[Site "Casaleone ITA"]
[Date "2011.05.29"]
[Round "2"]
[White "Jimchi, Abdelaziz"]
[Black "Guerra, Alessandro"]
[Result "0-1"]
[WhiteElo "1877"]
[BlackElo "2225"]
[PlyCount "84"]
[EventDate "2011.05.28"]

1. d4 Nf6 2. Nf3 g6 3. Bf4 Bg7 4. Nc3 O-O 5. Qd2 d5 6. Bh6 Bf5 7. Bxg7 Kxg7 8.
e3 Nbd7 9. Bd3 e6 10. h3 a6 11. g4 Be4 12. Bxe4 Nxe4 13. Qd3 Nxc3 14. Qxc3 Qf6
15. Ke2 Rac8 16. h4 c5 17. Rac1 Rfe8 18. g5 Qf5 19. Qd3 c4 20. Qxf5 exf5 21. h5
f4 22. hxg6 hxg6 23. Rh6 fxe3 24. fxe3 Rh8 25. Rch1 Rxh6 26. gxh6+ Kf6 27. c3
Rh8 28. Nd2 g5 29. e4 dxe4 30. Nxe4+ Kg6 31. Nd6 b5 32. a4 Nf6 33. axb5 axb5
34. b3 cxb3 35. Nxb5 Nh5 36. Rb1 Nf4+ 37. Kd2 Rxh6 38. Rxb3 g4 39. Ke3 Kg5 40.
Nc7 Rh3+ 41. Kf2 Rh2+ 42. Kg1 g3 0-1

[Event "IV Weekend"]
[Site "Casaleone ITA"]
[Date "2011.05.29"]
[Round "2"]
[White "Jirillo, Antonio"]
[Black "Pieropan, Giorgio"]
[Result "0-1"]
[WhiteElo "1541"]
[BlackElo "1712"]
[PlyCount "72"]
[EventDate "2011.05.28"]

1. d4 Nf6 2. Bf4 g6 3. Nf3 Bg7 4. e3 O-O 5. Nbd2 d6 6. c3 Nbd7 7. Bd3 Re8 8.
Qc2 e5 9. dxe5 dxe5 10. Bg5 Nc5 11. Be4 h6 12. Bxf6 Qxf6 13. O-O-O Nxe4 14.
Qxe4 Bf5 15. Qxb7 Rab8 16. Qd5 Qa6 17. Qc4 Qa5 18. a3 Be6 19. Qc6 Bd5 20. Nc4
Qxc3+ 21. bxc3 Bxc6 22. Rd2 Be4 23. Rb2 Bd5 24. Rxb8 Rxb8 25. Ncxe5 Rb3 26. c4
Be4 27. Rd1 Rc3+ 28. Kb2 Rxc4 29. Kb3 Rc5 30. Rd8+ Kh7 31. Nc4 Rb5+ 32. Ka4 a6
33. Rd2 Bc3 34. Ra2 Bc6 35. Nd4 Rb4+ 36. Ka5 Ra4# 0-1